<?xml version="1.0" encoding="UTF-8"?>
<record
    xmlns:xsi="http://www.w3.org/2001/XMLSchema-instance"
    xsi:schemaLocation="http://www.loc.gov/MARC21/slim http://www.loc.gov/standards/marcxml/schema/MARC21slim.xsd"
    xmlns="http://www.loc.gov/MARC21/slim">

  <leader>01602nam a22002177a 4500</leader>
  <controlfield tag="005">20220504102429.0</controlfield>
  <controlfield tag="008">220504b           ||||| |||| 00| 0 eng d</controlfield>
  <datafield tag="020" ind1=" " ind2=" ">
    <subfield code="a">1864484683</subfield>
  </datafield>
  <datafield tag="040" ind1=" " ind2=" ">
    <subfield code="c">AL</subfield>
  </datafield>
  <datafield tag="041" ind1=" " ind2=" ">
    <subfield code="a">English</subfield>
  </datafield>
  <datafield tag="082" ind1=" " ind2=" ">
    <subfield code="2">23</subfield>
    <subfield code="a">338.092</subfield>
    <subfield code="b">MCDP</subfield>
  </datafield>
  <datafield tag="100" ind1=" " ind2=" ">
    <subfield code="a">Hamish McDonald</subfield>
    <subfield code="9">33106</subfield>
  </datafield>
  <datafield tag="245" ind1=" " ind2=" ">
    <subfield code="a">Polyester Prince: The Rise of Dhirubhai  Ambani</subfield>
  </datafield>
  <datafield tag="260" ind1=" " ind2=" ">
    <subfield code="a">Australia</subfield>
    <subfield code="b">Allen and Unwin</subfield>
    <subfield code="c">1998</subfield>
  </datafield>
  <datafield tag="300" ind1=" " ind2=" ">
    <subfield code="a">xxi,273 p.</subfield>
    <subfield code="b">PB</subfield>
    <subfield code="c">21x14 cm.</subfield>
  </datafield>
  <datafield tag="520" ind1=" " ind2=" ">
    <subfield code="a">Dhirubhai Ambani's life is a rags-to-riches story, from Bombay's crowded pavements and bazaars to the city's extravagantly wealthy social circles where business tycoons, stockmarket speculators, smugglers, politicians and Hindi film stars mingle, make money, make and break marriages and carry out prolonged feuds-sometimes violent, often histrionic.
Until the arrival of Ambani, India's big business scene was dominated by a few industrial houses from British times. In just 26 years since its foundation, Ambani's Reliance group has risen to rival these houses. By 1995 the group had 2.6 million investors.
Along with the dramatic expansion of the Reliance Group have come intricate political connections, a whole raft of corruption charges and a rollercoaster of booms and crashes for Ambani and his company. This study shows how capitalism emerges by fair means and foul in the new industrial countries of the Third World, and is one of very few studies of Asian or Third World tycoons.</subfield>
  </datafield>
  <datafield tag="650" ind1=" " ind2=" ">
    <subfield code="a">Ambani Dhirubhai</subfield>
    <subfield code="9">33107</subfield>
  </datafield>
  <datafield tag="650" ind1=" " ind2=" ">
    <subfield code="a">Businessmen India Biography</subfield>
    <subfield code="9">33108</subfield>
  </datafield>
  <datafield tag="700" ind1=" " ind2=" ">
    <subfield code="a">MCDONALD (Hamish)</subfield>
    <subfield code="9">33109</subfield>
  </datafield>
  <datafield tag="942" ind1=" " ind2=" ">
    <subfield code="2">ddc</subfield>
    <subfield code="c">GF</subfield>
  </datafield>
  <datafield tag="999" ind1=" " ind2=" ">
    <subfield code="c">222756</subfield>
    <subfield code="d">222756</subfield>
  </datafield>
  <datafield tag="952" ind1=" " ind2=" ">
    <subfield code="0">0</subfield>
    <subfield code="1">0</subfield>
    <subfield code="2">ddc</subfield>
    <subfield code="4">0</subfield>
    <subfield code="7">0</subfield>
    <subfield code="8">ECO</subfield>
    <subfield code="a">AL</subfield>
    <subfield code="b">AL</subfield>
    <subfield code="d">2013-03-24</subfield>
    <subfield code="l">1</subfield>
    <subfield code="o">338.092 MCDP</subfield>
    <subfield code="p">GF02028</subfield>
    <subfield code="r">2024-10-19 00:00:00</subfield>
    <subfield code="s">2024-10-08</subfield>
    <subfield code="w">2022-05-04</subfield>
    <subfield code="y">GF</subfield>
  </datafield>
</record>
